| 000 | 01458nam a2200337Ia 4500 | ||
|---|---|---|---|
| 001 | ebr10151326 | ||
| 003 | CaPaEBR | ||
| 006 | m u | ||
| 007 | cr cn||||||||| | ||
| 008 | 060308s2006 mnua sb 001 0 eng d | ||
| 015 |
_aGBA634655 _2bnb |
||
| 020 | _z0816646422 (hbk.) : | ||
| 020 | _z0816646430 (pbk.) : | ||
| 040 |
_aCaPaEBR _cCaPaEBR |
||
| 035 | _a(OCoLC)191935633 | ||
| 050 | 1 | 4 |
_aHN17.5 _b.G582 2006eb |
| 082 | 0 | 4 |
_a303.484 _222 |
| 245 | 0 | 0 |
_aGlobalization from below _h[electronic resource] : _btransnational activists and protest networks / _cDonatella della Porta ... [et. al.]. |
| 260 |
_aMinneapolis, Minn. : _bUniversity of Minnesota Press ; _aBristol : _bUniversity Presses Marketing [distributor], _c2006. |
||
| 300 |
_axiv, 300 p. : _bill. |
||
| 490 | 1 |
_aSocial movements, protest, and contention ; _vv. 26 |
|
| 504 | _aIncludes bibliographical references and index. | ||
| 533 |
_aElectronic reproduction. _bPalo Alto, Calif. : _cebrary, _d2009. _nAvailable via World Wide Web. _nAccess may be limited to ebrary affiliated libraries. |
||
| 650 | 0 | _aAnti-globalization movement. | |
| 650 | 0 | _aGlobalization. | |
| 655 | 7 |
_aElectronic books. _2local |
|
| 700 | 1 |
_aDella Porta, Donatella, _d1956- |
|
| 710 | 2 | _aebrary, Inc. | |
| 830 | 0 |
_aSocial movements, protest, and contention ; _vv. 26. |
|
| 856 | 4 | 0 |
_uhttp://site.ebrary.com/lib/rucke/Doc?id=10151326 _zAn electronic book accessible through the World Wide Web; click to view |
| 999 |
_c95247 _d95247 |
||